000
00247nam a2200121Ia 4500
008
190216s9999||||xx |||||||||||||| ||und||
100
_a
Null
245
0
_a
Review
260
_b
Sage Pub
_c
1987
300
_a
208p
650
_a
Review
942
_c
REF
999
_c
35851
_d
35851